[Event "Madrid"]
[Site "Madrid"]
[Date "1995.??.??"]
[Round "4"]
[White "Salov, Valery"]
[Black "Jussupow, Artur"]
[Result "1/2-1/2"]
[WhiteElo "2715"]
[BlackElo "2660"]
[Annotator "Salov,V"]
[PlyCount "96"]
[EventDate "1995.05.??"]
[EventType "tourn"]
[EventRounds "9"]
[EventCountry "ESP"]
[EventCategory "16"]
[SourceTitle "CBM 047"]
[Source "ChessBase"]
[SourceDate "1995.08.01"]
[SourceVersion "1"]
[SourceVersionDate "1995.08.01"]
[SourceQuality "1"]

1. c4 {Ribli} Nf6 2. Nc3 e6 3. e4 d5 4. e5 d4 5. exf6 dxc3 6. bxc3 Qxf6 7. d4
e5 8. Nf3 exd4 9. Bg5 Qe6+ 10. Be2 f6 {Ribli: In der letzten Zeit ist diese
Fortsetzung populaerer als 10...Be7.} (10... Be7 {Ribli}) 11. Nxd4 Qf7 12. Bf4
{Ribli: In Betracht kommt Christiansen's Zug 12.Bh4!?, den er gegen Gulko/
USA-ch,1994, CBM44/gespielt hat.} Bc5 13. Nb3 $5 (13. O-O O-O 14. Nb5 Na6 $10 {
Schwartzman-Timoshenko,Bucharest 1993}) (13. Nb5 Na6 14. Qd5 O-O 15. Nxc7 Nxc7
16. Bxc7 (16. Qxc5 Ne6 17. Qe3 Nxf4 18. Qxf4 Re8 $44) 16... Be6 17. Qxc5 Rfc8
$15) 13... Na6 (13... Ba3 {Ribli} 14. O-O O-O 15. Bf3 c6 16. Qd4 Na6 17. c5 $13
{Ribli: Weiss hat eine Initiative fuer den Doppelbauern auf der c-Linie Die
Chancen sind ungefaehr gleich. Landenbergue,C-Masserey,Y/Biel/1994/CBM43/}) 14.
Nxc5 Nxc5 15. Be3 $1 {+/= Stohl} Ne4 $8 16. Bd3 f5 $5 (16... Bf5 $2 17. Qb1
Nxc3 18. Qxb7 $18) (16... Nd6 17. Qb1 g6 18. O-O $14) (16... Nxc3 $4 {Ribli}
17. Qc2 $18) 17. f3 Nf6 18. O-O O-O 19. Re1 Be6 20. Bd4 Rad8 {Ribli:
Natuerlich nicht 20...Bc4 21.Bf5 +/= und Weiss hat einen klaren Vorteil, weil
der f5-Bauer viel wichtiger als der c4 ist.} 21. c5 b6 22. Qe2 (22. Qc2 $5)
22... Rfe8 23. Bb5 Nd7 (23... Bd7 {Ribli} 24. Bc4 Nd5 25. Qf2 $14) 24. cxb6 (
24. c6 $2 Nb8 $132 {><c6}) 24... axb6 25. a4 Bd5 26. Qb2 c6 $6 (26... Bc4 $1
$10) (26... c5 $2 {Ribli} 27. Bf2 $16) 27. Bf1 c5 28. Bf2 Bc4 29. Rxe8+ $2 (29.
Bxc4 Qxc4 30. Red1 $1 {Yusupov} Qe6 31. Qb5 Ne5 32. Re1 $16) 29... Rxe8 30. a5
bxa5 31. Rxa5 Bxf1 32. Kxf1 Qc4+ 33. Kg1 Rb8 34. Qa1 Qd3 {Ribli: Schwarz hat
alle Problem ausgezeichnet geloest.} 35. Ra8 Rxa8 36. Qxa8+ Kf7 37. h3 (37.
Qa2+ Kg6 38. Qe6+ Nf6 $10) 37... Qxc3 38. Qd5+ Ke7 39. Qxf5 Qa1+ $1 40. Kh2
Qe5+ $1 {Ribli: Der einfachste Weg zum Remis.} 41. Qxe5+ Nxe5 42. Bxc5+ Kf7 43.
Bd4 Nc6 44. Bc3 h5 45. g4 hxg4 46. fxg4 Nd8 $10 47. Kg3 Ne6 48. h4 g6 1/2-1/2

[Event "FIDE World Cup"]
[Site "Baku"]
[Date "2015.09.22"]
[Round "4.3"]
[White "Giri, Anish"]
[Black "Wojtaszek, Radoslaw"]
[Result "1-0"]
[WhiteElo "2793"]
[BlackElo "2741"]
[Annotator "Schulz,Andre"]
[PlyCount "53"]
[EventDate "2015.09.11"]
[EventType "k.o."]
[EventRounds "7"]
[EventCountry "AZE"]
[SourceTitle "CBM 169"]
[Source "ChessBase"]
[SourceDate "2015.11.10"]
[SourceVersion "1"]
[SourceVersionDate "2015.11.10"]
[SourceQuality "1"]

1. c4 Nf6 2. Nc3 e6 3. e4 d5 4. cxd5 exd5 5. e5 Ne4 6. Nf3 Bf5 7. d4 Bb4 8. Bd2
Bxc3 9. Bxc3 O-O 10. Be2 c5 11. dxc5 Nxc3 12. bxc3 Be4 13. O-O Nd7 14. Nd4 Nxc5
15. f3 Bg6 16. Nb5 Re8 17. f4 Be4 18. Nd6 Re7 19. c4 dxc4 20. Bxc4 Bc6 21. Qc2
Ne6 22. Rad1 Qb6+ 23. Kh1 g6 {[#]} 24. f5 {Mit "normalen" Zügen hat Weiß
eine überlegene Stellung erreicht. Nun folgt schon die Exekution:} Nd4 25. Qd2
Nxf5 ({Es drohte} 25... Z0 26. fxg6 hxg6 27. Qg5 Rd7 28. Qxg6+ Kh8 29. Nxf7+
Rxf7 30. Qh6+ Rh7 31. Rf8+ Rxf8 32. Qxf8#) 26. Rxf5 ({Noch besser als} 26. Nxf5
{was aber auch gewinnt.}) 26... gxf5 27. Nxf5 (27. Nxf5 Ree8 28. Qg5+ Kf8 29.
Qg7#) 1-0

[Event "Belgrade GMA op"]
[Site "Belgrade"]
[Date "1988.??.??"]
[Round "?"]
[White "Ljubisavljevic, Zivojin Z"]
[Black "Panchenko, Alexander N"]
[Result "1/2-1/2"]
[WhiteElo "2355"]
[BlackElo "2475"]
[Annotator "Stohl,I"]
[PlyCount "130"]
[EventDate "1988.12.??"]
[EventType "swiss"]
[EventRounds "9"]
[EventCountry "YUG"]
[SourceTitle "TD"]
[Source "ChessBase"]
[SourceDate "1994.03.01"]
[SourceVersion "1"]
[SourceVersionDate "1994.03.01"]
[SourceQuality "1"]

1. c4 Nf6 2. Nc3 e6 3. e4 d5 4. cxd5 exd5 5. e5 Ne4 (5... Nfd7 6. d4 c5 7. Nf3
$16) 6. Nxe4 dxe4 7. Qa4+ Nc6 8. Qxe4 Qd4 9. Qxd4 Nxd4 10. Bd3 $5 (10. Kd1 Bf5
11. d3 O-O-O 12. Be3 Nc6 $10) 10... Bg4 (10... Be6 11. Ne2 O-O-O $146) 11. f3
Bh5 12. Ne2 Bc5 13. b4 $1 Bb6 (13... Nxe2 14. bxc5 Nf4 15. Be4 $16) 14. Bb2
O-O-O 15. Nxd4 Bxd4 16. Bf5+ Kb8 17. O-O-O $8 (17. Bc3 Rhe8 $15) 17... Bg6 18.
Bxg6 (18. g4 Bxb2+ 19. Kxb2 Bxf5 20. gxf5 Rd4 {/\R f4}) 18... hxg6 19. h3 Rh4 (
19... g5 $5 $146) 20. Bc3 Kc8 21. Rhe1 {/\e6} Bxc3 (21... Re8 $2 22. g3) 22.
dxc3 Rxd1+ 23. Rxd1 (23. Kxd1 $6 Kd7 $146) 23... Rh5 24. f4 Rf5 25. Rd4 g5 26.
g3 gxf4 (26... g6 27. Kd2 gxf4 28. Rxf4 Rxe5 29. Rxf7 $16) 27. Rxf4 Rxe5 28.
Rxf7 Rg5 29. g4 Rg6 30. a4 (30. Kd2 $16) 30... Rh6 31. Rxg7 $2 (31. Rf3 $16 {
/\Kd2-e3-f2-g3}) 31... Rxh3 32. Kb2 $14 b6 33. Kb3 Rg3 34. Kc4 Kb7 35. a5 bxa5
36. bxa5 Rg1 37. Rg5 (37. g5 $142 $14) 37... Ka6 38. Kd4 Rg3 $10 {<=>} 39. c4
Rg1 40. Ke3 Re1+ 41. Kf3 Rf1+ 42. Kg3 Kb7 43. Rc5 Kc8 {/\Kd7-d6,><c4} 44. Rd5
Rc1 45. Rd4 c5 46. Re4 Kb7 {><a5} 47. g5 Rg1+ 48. Kf4 Ka6 49. Kf5 Kxa5 50. g6
Kb4 51. Rg4 Rf1+ 52. Kg5 Rf8 53. g7 Rg8 54. Kf6 a5 55. Kf7 Ra8 56. g8=Q Rxg8
57. Rxg8 Kxc4 (57... a4 58. Ra8 Kxc4 59. Rxa4+ Kb3 60. Ra7 c4 61. Rb7+ Ka3 62.
Rc7 Kb3 63. Ke6 c3 64. Kd5 c2 $10) 58. Ke6 a4 59. Rg4+ (59. Ra8 Kb3 60. Kd5 a3
61. Kxc5 a2 $10) 59... Kb3 60. Kd5 a3 61. Rg3+ Kb2 62. Kc4 a2 $10 63. Rg2+ Ka3
64. Rg3+ Kb2 65. Rb3+ Kc2 1/2-1/2

[Event "Tata Steel-A 77th"]
[Site "Wijk aan Zee"]
[Date "2015.01.21"]
[Round "10"]
[White "Vachier Lagrave, Maxime"]
[Black "Wojtaszek, Radoslaw"]
[Result "1/2-1/2"]
[WhiteElo "2757"]
[BlackElo "2744"]
[Annotator "Sumets,A"]
[PlyCount "63"]
[EventDate "2015.01.10"]
[EventType "tourn"]
[EventRounds "13"]
[EventCountry "NED"]
[EventCategory "20"]
[SourceTitle "CBM 165"]
[Source "ChessBase"]
[SourceDate "2015.03.11"]
[SourceVersion "1"]
[SourceVersionDate "2015.03.11"]
[SourceQuality "1"]

1. c4 Nf6 2. Nc3 e6 3. e4 d5 4. e5 d4 5. exf6 dxc3 6. bxc3 Qxf6 7. d4 e5 8. Nf3
Nc6 {Recently this move has become popular in elite tournaments.} (8... exd4 9.
Bg5 Qe6+ 10. Be2 h6 {This is a comparatively new continuation, the main line
is 10...Be7.} (10... Be7 11. cxd4 Bxg5 12. Nxg5 Qe7) 11. Nxd4 Qd7 12. Be3 Be7
13. Nb5 Na6 14. Nxa7 Bc5 15. Nxc8 Qxd1+ 16. Rxd1 Bxe3 17. Bf3 Nc5 18. fxe3 Rxc8
19. Rd5 b6 $44 {Zhou,J (2607)-Wang,Y (2706) Xinghua 2013 0-1 (44)}) 9. Bg5 (9.
Nxe5 Nxe5 10. Qe2 Be7 11. dxe5 (11. Qxe5 {Probably this move is stronger:}
Qxe5+ 12. dxe5 Bf5 13. Be2 O-O-O 14. g4 Bc2 15. O-O Rhe8 16. Re1 Bc5 17. Bf1 f6
18. Bf4 fxe5 19. Bxe5 Rd2 $44 {1/2-1/2 (45) Socko,B (2636)-Lysyj,I (2633)
Moscow 2012}) 11... Qg6 $44 12. Qe3 $6 Bf5 {White can't finish his development
without losing material.} 13. Be2 (13. Qg3 $5 O-O-O 14. Qxg6 hxg6 15. Be2 Bc5
16. O-O Rhe8 $15) 13... Qxg2 14. Bf3 Qg6 15. Bxb7 Rb8 16. Bd5 c6 $17 {Bunzmann,
D (2464)-Riazantsev,A (2692) Saint-Quentin FRA 2014 0-1 (51)}) (9. dxe5 Nxe5
10. Qe2 {this line is in Black's favour} Bd6 11. Bg5 ({White can't win the
knight after} 11. c5 $2 {due to} O-O $1 12. cxd6 Bg4 13. Qc2 Nxf3+ $19) 11...
Qe6 12. Nd4 Nd3+ 13. Kd2 Qxe2+ 14. Kxe2 Nc5 $17 {Kosten,A (2493)-So,W (2653)
Belfort 2012 0-1 (37)}) 9... Qg6 10. d5 (10. dxe5 Bg4 11. Be3 Be7 12. h3 $2 Bf5
$6 (12... Rd8 13. Qb1 Bxf3 14. gxf3 Nxe5 $17) 13. Nd4 $5 Rd8 14. Be2 Nxe5 $17
15. g4 Be4 16. f3 Bd3 $2 (16... c5 $1 17. O-O cxd4 18. Bxd4 Bc6 $19) 17. O-O
O-O 18. f4 Bxe2 (18... Qe4 19. Qd2 Nxc4 $17) 19. Qxe2 $13 {Reinderman,D (2543)
-Nyback,T (2634) Beijing 2008 1/2-1/2 (53)}) 10... Nb8 11. h4 h6 {This is the
main line. Levon Aronian has tried to play other continuations and he hasn't
been satisfied with the results.} (11... e4 12. Nd4 Bd6 13. Be2 h6 14. Bh5 Qh7
15. Be3 O-O 16. Nb5 Nd7 17. Nxd6 cxd6 18. Bf4 Re8 $2 (18... Nc5 $1 19. O-O ({
White shouldn't take the pawn:} 19. Bxd6 $2 {due to} Nd3+ 20. Kf1 Qf5 21. Bg3
b5 $17) 19... Rd8 20. Bg3 $13) 19. Bxd6 e3 20. O-O $16 {Vachier Lagrave,M 
(2758)-Aronian,L (2797) Beijing CHN 2014 1-0 (39)}) (11... Nd7 $6 {a dubious
move.} 12. Bd3 e4 (12... f5 $5 13. g4 (13. h5 Qf7 14. Nxe5 Nxe5 15. Qe2 Bd6 16.
c5 O-O 17. cxd6 cxd6 18. h6 Qxd5 19. O-O-O $13) 13... e4 14. gxf5 Qxf5 15. Nd4
Qg6 16. Be2 $40) 13. h5 $1 Qf5 $2 (13... Qa6 14. Bxe4 Qxc4 15. Bd3 Qxc3+ 16.
Kf1 f6 17. Qe2+ Kd8 18. Re1 $16) 14. Rh4 exd3 15. Rf4 $18 {Grischuk,A (2792)
-Aronian,L (2815) Stavanger NOR 2014 1-0 (40)}) 12. Be3 Nd7 13. Qa4 (13. h5 Qd6
14. Bd3 Be7 15. Nd2 $6 (15. Qc2 Nf6 16. Rb1 b6 17. O-O O-O (17... Nxh5 $2 18.
c5 $1 bxc5 19. Bb5+ Bd7 20. Bxc5 $1 Qxc5 21. Bxd7+ Kxd7 22. Nxe5+ Ke8 23. Qa4+
$18) 18. Bf5 Bxf5 19. Qxf5 Qd7 20. Qxe5 Bd6 21. Qd4 Rfe8 $44) 15... Nf6 16. f3
O-O 17. Ne4 Nxe4 18. fxe4 Qa3 19. Qb3 Qa5 $15 {Nepomniachtchi,I (2730)-So,W 
(2744) Bergamo ITA 2014 0-1 (69)}) 13... Kd8 $146 {I am not sure if it is a
stronger continuation than 13...c6, but I believe that Radoslav has analysed
this line well and he knows the answer. 13...Kd8 seems to be an artificial
move. Black protects the e5-pawn and he wants to play ...Bc5.} (13... c6 14. h5
Qd6 15. Rd1 Qc7 16. Bd3 cxd5 17. cxd5 Qxc3+ 18. Ke2 Qb4 19. Qc2 Be7 20. d6 (20.
Rhe1 $5 O-O 21. Kf1 Qd6 22. Bd2 $44) 20... Bd8 $2 (20... Qxd6 $1 21. Kf1 Qc6 {
White needs to prove that he has enough compensation for 2 pawns.}) 21. Bc4 O-O
22. a3 Qxa3 23. Rd3 Qa5 24. Rd5 $40 {Belous,V (2578)-Chen Peng (2198) Katowice
POL 2014 1/2-1/2 (59)}) 14. d6 (14. Qb5 {This move was recommended as an
improvement, however it seems that after 14.Qb5 Black is OK.} f5 (14... a6 $5
15. Qb2 b6 16. h5 Qf5 17. Be2 Bc5 18. Qd2 Re8 19. O-O Ke7 20. a4 Kf8 $11) 15.
g3 $1 (15. h5 $6 Qf6 16. Nh4 f4 17. Bd2 Nc5 18. Ng6 Bd7 19. Qb2 Rg8 $15) 15...
f4 16. gxf4 exf4 17. Bd4 Qe4+ 18. Be2 Bd6 19. Kd2 c6 $13) 14... Bxd6 (14...
cxd6 {seems to be dangerous due to} 15. c5 $1 dxc5 16. Rd1 Kc7 17. Qb3 Bd6 18.
h5 Qf5 19. Bc4 $44) 15. O-O-O b6 $5 (15... Ke7 {with the idea to play ...Kf8}
16. c5 $1 Nxc5 17. Bxc5 Bxc5 18. Nxe5 Qf5 19. Bd3 Be3+ $1 (19... Qf6 20. Rhe1
Be6 21. f4 Kf8 22. f5 $1 Bxf5 23. Bxf5 Qxf5 24. Rd7 Kg8 25. Rxf7 $16) 20. Kc2 (
20. fxe3 Qxe5 $17) 20... Qxe5 21. Rhe1 Bd7 22. Qb4+ Qd6 23. Rxe3+ Be6 24. Qxb7
Rab8 25. Qa6 $11) 16. Bd3 f5 17. g4 $1 Qxg4 $8 (17... e4 $2 18. gxf5 Qf6 19.
Bxe4 Qxc3+ 20. Qc2 Qxc2+ 21. Kxc2 Rb8 22. Rhg1 Nf6 23. Bd3 Rg8 24. Bd4 $16) 18.
Qc6 Rb8 19. Rhg1 Bb7 $1 (19... Qh5 $2 20. Rxg7 f4 21. Bg6 Qg4 22. Rxd6 $18) 20.
Qxd7+ $8 $11 Kxd7 21. Nxe5+ Bxe5 22. Bxf5+ Ke7 {Black is out of danger, now he
can try to win the game.} 23. Rd7+ $6 (23. Bxg4 {White should have played 23.
Bxg4 in order to avoid the worse position.} Rhd8 24. Bd4 Bxd4 25. cxd4 $11)
23... Ke8 (23... Kf6 $1 24. Bxg4 Bc8 25. Rd3 Bxg4 26. Rxg4 Kf5 27. Rg1 Rbd8 $15
{Due to his better pawn structure and the more active king Black has chances
to win the game.}) 24. Bxg4 (24. Rxg4 Rf8 25. Be6 Bc8 26. Rd5 Bxe6 27. Rxe5 Kf7
28. Rf4+ Ke7 29. Rfe4 Rf6 $11) 24... Rd8 25. f4 $1 $11 Rxd7 26. Bxd7+ Kxd7 27.
fxe5 Rh7 28. c5 Ke6 29. Rg4 Kxe5 30. Ra4 a6 31. cxb6 cxb6 32. Bxb6 1/2-1/2

[Event "Moscow Aeroflot op-A"]
[Site "Moscow"]
[Date "2020.02.20"]
[Round "2"]
[White "Vaibhav, Suri"]
[Black "Mendonca, Leon Luke"]
[Result "1-0"]
[WhiteElo "2591"]
[BlackElo "2418"]
[Annotator "Vaibhav,Suri"]
[PlyCount "93"]
[EventDate "2020.02.19"]
[EventType "swiss"]
[EventRounds "9"]
[EventCountry "RUS"]
[SourceTitle "CBM 195 Extra"]
[Source "ChessBase"]
[SourceDate "2020.05.31"]
[SourceVersion "1"]
[SourceVersionDate "2020.05.31"]
[SourceQuality "1"]

{[%evp 0,83,25,-11,6,-14,6,-12,3,-17,6,-9,6,6,28,32,9,10,7,-6,13,31,112,88,42,
54,65,30,147,60,22,14,22,4,-3,4,56,83,83,-11,-44,-252,0,0,0,0,10,23,12,2,0,0,0,
0,58,0,0,6,39,10,63,72,90,72,92,92,98,75,204,95,130,78,84,129,113,87,106,34,
153,56,127,92,77,102,134,55] This was the second round of the strong Aeroflot
Open 'A' group and I was paired with a strong upcoming talent from India.} 1.
c4 Nf6 2. Nc3 e6 3. e4 d5 4. cxd5 exd5 5. e5 Ne4 6. Nf3 Bf5 7. d3 Nxc3 8. bxc3
c5 9. d4 Qa5 $5 {This idea was popularised by Vishy Anand in his match against
Ian Nepomniachi in 2018 - one of the sharpest alternatives for Black.} (9... c4
10. a4 $1 {Preventing b5.} Nc6 11. Be2 Be7 12. O-O O-O 13. Ne1 $5 {with a
complicated middlegame with chances for both sides.}) (9... Nc6 10. Bd3 {
There have been more than a few games here and theory is still developing.})
10. Bd2 Nc6 (10... c4 $2 11. Nh4 $16) 11. c4 Qd8 12. Qb3 Be6 (12... Be4 13.
Qxb7 Rc8 14. Ng5 Be7 15. Nxe4 dxe4 16. d5 Nxe5 17. Qb5+ Qd7 18. Rb1 $14 {
1/2-1/2 (95) Tomashevsky,E (2712)-Chen,Q (2436) China CHN 2019}) 13. Qxb7 Rc8
14. Ng5 Nxd4 15. Nxe6 fxe6 16. Rb1 Be7 17. Bd3 Kf7 $2 {This is a serious
mistake which makes the king extremely vulnerable in some cases.} (17... O-O {
Black should have castled according to my analysis though I think White still
keeps some edge:} 18. O-O Rb8 19. Qa6 Qd7 20. f4 Nc6 21. Kh1 $14) 18. O-O Nc6 {
Still following Nepomniatchi-Anand 2018 though I was unaware of this fact
during the game. Probably, 18...Nc6 is the most testing move (at least
practically) as White has to solve the problem of e5 pawn and the bishops on
the d-file.} (18... Rb8 19. Qa6 Qd7 (19... Qc8 20. Qa3 $1 {It's important to
preserve queens.}) 20. cxd5 exd5 21. Be3 $1 $14) 19. Rfe1 $2 (19. Rfd1 $1 {
[%csl Rf7] was played in the Nepomniatchi-Anand game and was the strongest
move after which Black faces a considerable amount of problems. White's bishop
pair and Black's vulnerable king gives White a huge advantage.} g6 (19... Rc7
20. Qa6 Qc8 21. cxd5 exd5 22. e6+ $1 {The point! ()} Qxe6 (22... Kxe6 23. Qa4
$18 {[%csl Re6]}) 23. Bf4) (19... d4 20. f4 $16) (19... Nxe5 $2 20. Bf4 $18 {
[%csl Rf7]} Nxd3 21. Rxd3 d4 22. Be5 {[%cal Gd3g3]} Rf8 23. Rg3 g6 24. Qa6 $18)
20. Bf1 $5 Re8 (20... Nxe5 $2 21. Bf4 $18) 21. cxd5 exd5 22. Bf4 {[%cal Ge5e6]
Black's position is extremely vulnerable.}) 19... dxc4 20. Bxc4 Qxd2 21. Bxe6+
({After} 21. Rbd1 {both queen moves are working fine for Black:} Qf4 $1 (21...
Qc2 22. Rd3 Rhd8 (22... g6 $5 23. Rf3+ Kg7 24. Bxe6 Rb8 25. Qxc6 Rb1 26. Rfe3
Rf8 27. f3 Bg5 28. Re4 Rd8 29. Bb3 Rxe1+ 30. Rxe1 Qd2 $132 {Black's active
piece position more than compensates the material deficit.} 31. Qe4 c4 $1) 23.
Rf3+ Kg8 24. Bxe6+ Kh8 25. Bxc8 Rd1 26. Rfe3 Qc1 27. Kf1 Qc4+ 28. Kg1 Qc1 $11 {
with a funny perpetual.}) 22. Bxe6+ Kxe6 23. g3 $1 {The only move, otherwise
White is losing.} Qf3 24. Qd7+ Kf7 25. Re3 Qxd1+ 26. Qxd1 g6 {Black seems to
have consolidated and I would rate his chances higher, even though the
position is around equal.}) 21... Kxe6 22. Qb3+ Kd7 (22... c4 $2 23. Qh3+ Kf7
24. Qf5+ Bf6 25. exf6) (22... Qd5 $2 23. Qh3+ Kf7 24. Qf5+ $18 Bf6 25. e6+) (
22... Kf5 {This position can be used as a good calculation exercise :)} 23.
Rbd1 $1 (23. Qf7+ $2 Kg5 (23... Bf6 24. exf6 Ne5 25. Qh5+ g5 26. Rbd1 Qf4 27.
g3 $1 $18) 24. Qxg7+ (24. Rbd1 $2 Qf4 25. Qxg7+ Kh5 $19) 24... Kh5 25. Re3 Qd7
$3 {Only move.} 26. Kh1 (26. Rh3+ Qxh3 27. Qf7+ Kh6 28. gxh3 Rhg8+ 29. Kh1 Rcf8
30. Qd5 Nd4 $132 {[%csl Rh1,Gh6]}) 26... Qe6 27. Rh3+ Bh4 28. g4+ Qxg4 29. Qf7+
Kh6 30. Qf6+ Kh5 31. Rg1 Qxh3 32. Qf7+ Kh6 33. Qg7+ $11) 23... Qf4 (23... Qxd1
24. Rxd1) 24. g3 $1 {Deflection and only move to win.} Qg4 (24... Qxe5 25. f4
$1 $18 {the strongest move however other alternatives also win}) 25. f3 {
[%csl Rg4]}) 23. Rbd1 Qxd1 $6 (23... Qd4 $1 {was more precise:} 24. Rxd4+ (24.
Qb7+ Ke6 25. Rxd4 Nxd4 26. Qa6+ Rc6 27. Qc4+ (27. Qxa7 Rhc8 $132 {[%cal Gg7g6]
Black has very decent chances here.}) 27... Kd7 28. Qd5+ Kc7 29. Qf7 Kd7 30.
Qxg7 (30. f4 g6 $17) 30... Nf3+ $1 31. Kf1 Nxe1 32. Qxh8 Nd3 $132 {[%csl Gc5]})
(24. e6+ Kc7 25. Rxd4 Nxd4 {transposes.}) 24... Nxd4 25. e6+ Kc7 26. Qg3+ Kc6
27. Qxg7 Nf3+ $1 {The point.} 28. Kf1 Nxe1 29. Qxe7 Nc2 30. Qd7+ Kb6 31. e7 Nd4
{Black's c-pawn is a source of very serious counterplay. Eventually this
should result in a perpetual check.} 32. f4 Nc6 33. f5 c4 $1 34. f6 c3 35. Qd3
Nxe7 36. fxe7 c2 37. Qb3+ $11) 24. Qb7+ $1 {An important intermediate check to
keep Black's king in the center.} (24. Rxd1+ Kc7 {[%csl Gc7]}) 24... Ke6 25.
Rxd1 Nd4 (25... Rhd8 $2 26. Rxd8) (25... Kf7 $6 26. Qb3+ $1 Ke8 27. f4 $16) 26.
Qa6+ Kd5 (26... Rc6 $2 27. Qc4+ Kd7 28. Qd5+ Kc7 29. Qf7 Kd7 30. Qxg7 {[%csl
Gd1] Black does not have the ...Nf3+ check!}) 27. Qb7+ {Repeating moves is
usually a good idea to get closer to the first time control.} Ke6 28. Qa6+ Kd5
29. Qxa7 Ke6 $2 (29... Rhe8 $1 {seemed much more natural to complete
development and safeguard the king.} 30. f4 Ke6 31. Qa6+ Kf7 32. Qc4+ Kf8 33.
Rf1 (33. f5 $6 Bg5 $1 $132) 33... Rc6 $1 {though White still has some
advantage, but the position is definitely for three results.} (33... g6 34. g4
$1 Kg7 35. Kh1 $16 {[%cal Gf4f5]}) 34. Rb1 $1 $14 (34. f5 Bg5 $132)) 30. Qa6+
$1 {Not letting the king escape.} Kd5 31. Qb7+ Ke6 32. Qa6+ Kd5 33. f4 {
Now the position should be winning thanks to Black's overexposed king and some
tactical motifs in Black's camp.} Rc7 34. Qd3 (34. Qb6 $1 {with the idea to
push the a-pawn and prevent Black's counterplay with ...c4.} Rhc8 35. a4 Ke4
36. a5 {[%csl Re4]} Kxf4 37. a6 $18) 34... Rb8 (34... Rf8 {was a little more
tenacious making White's task a little difficult:} 35. f5 Rcc8 36. g4 {White
obviously has a huge advantage but it's not so easy to convert practically.})
35. Qf3+ Ke6 36. f5+ Kd7 37. Qg4 $2 (37. Qd5+ $1 {transposes to move 39.})
37... Kc6 38. Qe4+ Kd7 (38... Kb6 $1 {Black was able to escape with the king,
making White's task again more difficult.} 39. Kh1 $16 (39. Rf1 $6 c4 $1)) 39.
Qd5+ Kc8 40. Qg8+ Bd8 41. Qxh7 (41. f6 $1 {was the most precise:} gxf6 42. exf6
Rbb7 43. g4 {Starting the pawn avalanche.} Rf7 44. g5 Rbd7 45. Kg2 Kc7 46. Qe8
Bxf6 47. gxf6 Rxf6 48. Qe5+ Rfd6 49. Qxc5+ Nc6 50. Rf1 $18) 41... Rb2 42. Qh3
$2 {With every inaccuracy the technical task becomes more difficult.} (42. Qg8
$1 {was slightly more precise to keep black's pieces pinned} Rd7 43. Rf1 Kc7
44. e6 Re7 45. h4 $18) 42... Kb8 43. Qa3 Rb4 44. Qd3 Ra7 $2 (44... Rd7 $1 {
was more tenacious which would have posed some practical problems. Black is
starting counterplay with ...c4.} 45. Re1 (45. e6 Rd6 46. Rf1 Bf6 $13) (45. Kh1
c4 46. Qd2 Rbb7 $132 {Black already has very strong counterplay.}) 45... c4 46.
Qc3 Nc6 (46... Ra4 47. e6) (46... Ba5 47. Qa3 $1) 47. f6 gxf6 48. exf6 Rf7 49.
a3 $1 Rbb7 50. Rf1 Bb6+ 51. Kh1 Bd4 52. Qxc4 Rxf6 53. h4 $18 {should be
winning for White.}) 45. a3 Rb3 46. Qc4 {The queen invades and decides the
game.} Raxa3 47. Qg8 {It's not easy to play materially imbalanced positions,
but if your opponent's king is weak, things usually work out :)} 1-0